Normal view
MARC view
- KHIZAR HAYAT
Entry Personal Name
001 - CONTROL NUMBER
- control field: 72855
003 - CONTROL NUMBER IDENTIFIER
- control field: NUST
005 - DATE AND TIME OF LATEST TRANSACTION
- control field: 20210628204927.0
008 - FIXED-LENGTH DATA ELEMENTS
- fixed length control field: 210628|| aca||aabn | a|a d
040 ## - CATALOGING SOURCE
- Original cataloging agency: NUST
- Transcribing agency: NUST
100 ## - HEADING--PERSONAL NAME
- Personal name: KHIZAR HAYAT
670 ## - SOURCE DATA FOUND
- Source citation: Work cat.: (NUST): KHIZAR HAYAT, , TH-SOF-0606-DESIGN AND DEVELOPMENT OF MULTI-STAGE L-BAND POWER AMPLIFIER USING GAN HEMT, 2018
